000 00594nam a22002297a 4500
003 UA-OsUOA
001 49285
007 ta
008 20070927b un ||||| |||| 00| 0 ukr d
100 _aБілецький О.
090 _a82.09
_bБ11
942 _cBK
040 _aUA-OsUOA
_bukr
_cUA-OsUOA
_dUA-OsUOA
245 _aВід давнини до сучасності
300 _a453 с.
955 _a1
041 _aukr
080 _a82.09
260 _aК.
_bДніпро
_c1960
650 7 _a82 Література. Літературознавство
_2UDC
999 _c335393
_d335393